MotoGP - Victorious Nations - Statistics

General Stats
  • This quiz has been taken 75 times
  • The average score is 15 of 20
Answer Stats
Answer % Correct
Italy
100%
Spain
100%
USA
99%
Australia
94%
France
93%
Portugal
93%
Japan
91%
Germany
90%
United Kingdom
90%
Brazil
85%
Argentina
76%
Netherlands
76%
South Africa
76%
New Zealand
66%
Ireland
54%
Finland
53%
Switzerland
51%
Czechoslovakia
46%
Rhodesia
40%
Venezuela
29%
No matching quizzes found
Score Distribution
Percent of People with Each Score
Percentile by Number Answered
Your Score History
You have not taken this quiz